Traffic engineering (Record no. 13624)

000 -LEADER
fixed length control field 00537nam a22002171 4500
001 - CONTROL NUMBER
control field 13624
003 - CONTROL NUMBER IDENTIFIER
control field BD-DhUET
008 - FIXED-LENGTH DATA ELEMENTS--GENERAL INFORMATION
fixed length control field 731212s1967 enkabf b 000 0 eng
040 ## - CATALOGING SOURCE
Original cataloging agency DLC
Transcribing agency DLC
Modifying agency BD-DhUET
082 00 - DEWEY DECIMAL CLASSIFICATION NUMBER
Classification number 711.73
Item number HOB/1967
100 1# - MAIN ENTRY--PERSONAL NAME
Personal name Hobbs, F. D.
245 10 - TITLE STATEMENT
Title Traffic engineering
250 ## - EDITION STATEMENT
Edition statement 1st ed.
260 ## - PUBLICATION, DISTRIBUTION, ETC. (IMPRINT)
Place of publication, distribution, etc. Oxford
Name of publisher, distributor, etc. Pergamon Press
Date of publication, distribution, etc. 1967
300 ## - PHYSICAL DESCRIPTION
Extent vii, 191 p.
Other physical details illus.
500 ## - GENERAL NOTE
General note Vol. 2
504 ## - BIBLIOGRAPHY, ETC. NOTE
Bibliography, etc Includes bibliographies
650 #0 - SUBJECT ADDED ENTRY--TOPICAL TERM
Topical term or geographic name as entry element Traffic engineering
700 1# - ADDED ENTRY--PERSONAL NAME
Personal name Richardson, B. D.
942 ## - ADDED ENTRY ELEMENTS (KOHA)
Koha item type General Book
Holdings
Date acquired Koha normalized classification for sorting Withdrawn status Sublocation or collection (holding branch) Price effective from Copy number Lost status Shelving location Piece designation (barcode) Koha full call number Location (home branch) Koha date last seen Koha item type Damaged status Source of classification or shelving scheme Not for loan
2015-03-04711_730000000000000_HOB_1967 Central Library, BUET2015-03-041 Circulation section16823711.73/HOB/1967Central Library, BUET2015-03-04General Book   
2015-05-17711_730000000000000_HOB_1967 Central Library, BUET2015-05-172 Circulation section15996711.73/HOB/1967Central Library, BUET2015-05-17General Book   
2015-07-01711_730000000000000_HOB_1967 Central Library, BUET2015-07-013 Reading section17319711.73/HOB/1967Central Library, BUET2015-07-01Reading Item